Nghiên cứu các điều kiện ảnh hưởng quá trình tinh chế V (FA) thu được từ phản ứng thủy phân dầu kiểm thải của nhà máy trích ly cám gạo

Nghiên cứu các yếu tố ảnh hưởng đến hiệu suất chiết γ-oryzanol từ soapstock (loại dung môi, nhiệt độ, thời gian). Nghiên cứu các điều kiện ảnh hưởng đến quá trình tinh chế axit ferulic với hiệu suất cao.

Gardado en:
Detalles Bibliográficos
Autor Principal: Võ Thị Nga Huyền
Outros autores: Giang Thị Kim Liên TS. (Hướng dẫn), Đỗ Văn Mạnh TS. (Hướng dẫn)
Formato: Libro
Idioma:Vietnamese
Publicado: Đà Nẵng Trường Đại học sư phạm Đà Nẵng 2017
Những chủ đề:
Các nhãn: Engadir etiqueta
Sen Etiquetas, Sexa o primeiro en etiquetar este rexistro!
Thư viện lưu trữ: Mạng thư viện Đại học Đà Nẵng
LEADER 01947nam a2200373 4500
001 000025235
003 21728
005 20170831080818.0
008 170831s2017 viesd
041 |a vie 
082 1 4 |a 541.39  |b VO-H 
100 1 |a Võ Thị Nga Huyền 
245 1 |a Nghiên cứu các điều kiện ảnh hưởng quá trình tinh chế V (FA) thu được từ phản ứng thủy phân dầu kiểm thải của nhà máy trích ly cám gạo  |c Võ Thị Nga Huyền ; Giang Thị Kim Liên, Đỗ Văn Mạnh hướng dẫn.  |k Luận văn Thạc sĩ 
260 |a Đà Nẵng  |b Trường Đại học sư phạm Đà Nẵng  |c 2017 
300 |a 57 tr., phụ lục 5 tr.  |b hình mh.  |c 29 cm.  |e Tóm tắt 
500 |a Luận văn thạc sĩ Khoa học. Chuyên ngành: Hóa hữu cơ. Mã số: 60.44.01.14 
520 3 |a Nghiên cứu các yếu tố ảnh hưởng đến hiệu suất chiết γ-oryzanol từ soapstock (loại dung môi, nhiệt độ, thời gian). Nghiên cứu các điều kiện ảnh hưởng đến quá trình tinh chế axit ferulic với hiệu suất cao. 
650 0 4 |a Axit ferulic  |v Luận văn tốt nghiệp  |x Phản ứng thủy phân dầu kiềm thải  |x Nghiên cứu 
653 |a Axit ferulic 
653 |a Hóa hữu cơ 
653 |a Phản ứng thủy phân 
653 |a Dầu kiềm thải 
700 1 |a Giang Thị Kim Liên  |c TS.  |e Hướng dẫn 
700 1 |a Đỗ Văn Mạnh  |c TS.  |e Hướng dẫn 
OWN |a LSP 
AVA |a UDN50  |b LSP  |d 541.39 VO-H  |e available  |t Error 5001 Not defined in file expand_doc_bib_avail.  |f 1  |g 0  |h N  |i 0  |k 1 
999 |a From the UDN01 
AVA |a UDN50  |b LSP  |d 541.39 VO-H  |e available  |t Error 5001 Not defined in file expand_doc_bib_avail.  |f 1  |g 0  |h N  |i 0  |k 1 
TYP |a Monograph 
TYP |a Printed language 
980 |a Mạng thư viện Đại học Đà Nẵng